000
00309 a2200157 4500
001
171053
020
_a
040
_c
Magnum
100
_a
Gomes, Alvaro Cardoso
240
1
0
_a
De maos atadas
_l
por
245
1
0
_a
De maos atadas
362
0
_a
1899
440
1
_a
Ática
697
_a
JUVENIL
942
_c
BK
999
_c
171053
_d
171053